[Event "HUN-chT2 Charousek 1819"]
[Site "Hungary"]
[Date "2019.02.10"]
[Round "7.8"]
[White "Magyar, Andras"]
[Black "Radnoti, Gergely"]
[Result "1-0"]
[WhiteElo "2263"]
[BlackElo "2095"]
[PlyCount "67"]
[EventDate "2018.09.23"]
[EventType "team-tourn"]
[EventRounds "11"]
[EventCountry "HUN"]
[SourceTitle "CBM 189 Extra"]
[Source "ChessBase"]
[SourceDate "2019.06.03"]
[SourceVersion "1"]
[SourceVersionDate "2019.06.03"]
[SourceQuality "1"]
[WhiteTeam "Haladas Szombathely II"]
[BlackTeam "Paks ASE II"]
[WhiteTeamCountry "HUN"]
[BlackTeamCountry "HUN"]

1. e4 c6 2. d4 d5 3. e5 Bf5 4. Be3 e6 5. Nd2 Bb4 6. Ngf3 Ne7 7. c3 Ba5 8. Be2 Nd7 9. 0-0 0-0 10. b4 Bc7 11. Nh4 Bg6 12. f4 f5 13. a4 a5 14. Nb3 Nc8 15. g3 Na7 16. Qc2 b5 17. bxa5 bxa4 18. Rxa4 c5 19. dxc5 Nc6 20. a6 Ndb8 21. Nxg6 hxg6 22. Nd4 Qd7 23. Rb1 Na5 24. Rba1 Nbc6 25. Nb5 Rfb8 26. Nxc7 Qxc7 27. Qa2 Nb3 28. Rb1 Nba5 29. Rb6 Nc4 30. Bxc4 dxc4 31. Qxc4 Qd7 32. Ra1 Qc8 33. Qb3 Ra7 34. Rxc6 1-0

[Event "HUN-chT2 Charousek 1011"]
[Site "Hungary"]
[Date "2010.10.24"]
[Round "4"]
[White "Gadacsi, Miklos Jr"]
[Black "Radnoti, Gergely"]
[Result "1/2-1/2"]
[WhiteElo "2142"]
[BlackElo "2093"]
[PlyCount "84"]
[EventDate "2010.09.12"]
[EventType "team-tourn"]
[EventRounds "11"]
[EventCountry "HUN"]
[SourceTitle "EXT 2012"]
[Source "ChessBase"]
[SourceDate "2011.11.24"]
[SourceVersion "1"]
[SourceVersionDate "2011.11.24"]
[SourceQuality "1"]
[WhiteTeam "Tapolca"]
[BlackTeam "Paks II"]
[WhiteTeamCountry "HUN"]
[BlackTeamCountry "HUN"]

1. e4 c6 2. d4 d5 3. e5 Bf5 4. Nc3 e6 5. g4 Bg6 6. Nge2 Bb4 7. Bg2 Nd7 8. Be3 Qc7 9. a3 Bxc3+ 10. Nxc3 f6 11. Bf4 fxe5 12. dxe5 Ne7 13. Qe2 0-0-0 14. Bg3 h5 15. h3 hxg4 16. hxg4 Rxh1+ 17. Bxh1 d4 18. Ne4 Bxe4 19. Bxe4 Nc5 20. Kf1 Nxe4 21. Qxe4 c5 22. Kg2 Qc6 23. Qxc6+ Nxc6 24. Rd1 Rd5 25. c4 dxc3 26. Rxd5 cxb2 27. Rd1 c4 28. Rb1 c3 29. Bf4 Nxe5 30. Bc1 Nd3 31. Bxb2 Nxb2 32. Rc1 Na4 33. Kf3 Kd7 34. Ke2 Kc6 35. Kd3 b5 36. Kc2 a5 37. Kb3 Kd5 38. Re1 e5 39. f3 g5 40. Rd1+ Kc5 41. Rd8 Kc6 42. Re8 Kd5 1/2-1/2

[Event "HUN-chT2 Charousek 0910"]
[Site "Hungary"]
[Date "2010.05.02"]
[Round "11"]
[White "Kiraly, Ferenc"]
[Black "Radnoti, Gergely"]
[Result "1/2-1/2"]
[WhiteElo "1964"]
[BlackElo "2103"]
[PlyCount "61"]
[EventDate "2009.11.08"]
[EventType "team-tourn"]
[EventRounds "11"]
[EventCountry "HUN"]
[SourceTitle "EXT 2011"]
[Source "ChessBase"]
[SourceDate "2010.11.26"]
[SourceVersion "1"]
[SourceVersionDate "2010.11.26"]
[SourceQuality "1"]
[WhiteTeam "Alsoszolnok"]
[BlackTeam "Paks II"]
[WhiteTeamCountry "HUN"]
[BlackTeamCountry "HUN"]

1. e4 c6 2. d4 d5 3. f3 e6 4. Ne2 Nf6 5. Ng3 c5 6. c3 Nc6 7. Bb5 Qa5 8. Bxc6+ bxc6 9. dxc5 Qxc5 10. Qd3 dxe4 11. Nxe4 Nxe4 12. Qxe4 Ba6 13. Be3 Qb5 14. Qc2 Bd6 15. a4 Qe5 16. Qe4 0-0 17. Qxe5 Bxe5 18. Nd2 Rab8 19. 0-0-0 f5 20. f4 Bf6 21. Kc2 Rb7 22. Nf3 Rfb8 23. b4 Be2 24. Rd2 Bxf3 25. gxf3 a5 26. Bc5 Be7 27. Bxe7 Rxe7 28. bxa5 Reb7 29. Rd6 Rb2+ 30. Kd3 Rf2 31. Ke3 1/2-1/2

[Event "HUN-chT2 Charousek 0809"]
[Site "Hungary"]
[Date "2008.10.26"]
[Round "1"]
[White "Radnoti, Gergely"]
[Black "Bors, Sandor"]
[Result "0-1"]
[WhiteElo "2107"]
[BlackElo "2119"]
[PlyCount "69"]
[EventDate "2008.10.26"]
[EventType "team-tourn"]
[EventRounds "11"]
[EventCountry "HUN"]
[SourceTitle "EXT 2010"]
[Source "ChessBase"]
[SourceDate "2010.11.25"]
[SourceVersion "1"]
[SourceVersionDate "2010.11.25"]
[SourceQuality "1"]
[WhiteTeam "Paks II"]
[BlackTeam "Gyor Elektromos"]
[WhiteTeamCountry "HUN"]
[BlackTeamCountry "HUN"]

1. d4 Nf6 2. c4 e6 3. Nc3 d5 4. Bg5 Be7 5. e3 c6 6. Nf3 Nbd7 7. cxd5 exd5 8. Bd3 0-0 9. 0-0 Re8 10. Qc2 Nf8 11. Ne5 N6d7 12. Bf4 Nxe5 13. Bxe5 Bd6 14. f4 Bb4 15. f5 f6 16. Bf4 Bd6 17. Rae1 Bxf4 18. Rxf4 Qd6 19. Qf2 Bd7 20. e4 b5 21. e5 fxe5 22. dxe5 Rxe5 23. Rxe5 Qxe5 24. f6 gxf6 25. Rxf6 Re8 26. Be2 Ng6 27. Rf7 Re7 28. Rxe7 Qxe7 29. h3 a5 30. a3 Qe5 31. Qa7 Be8 32. Bg4 b4 33. Ne2 h5 34. Bf3 Nh4 35. Kf2 0-1

[Event "HUN-chT2 Charousek 0506"]
[Site "Hungary"]
[Date "2006.04.23"]
[Round "11"]
[White "Szamoskozi, Gabor"]
[Black "Radnoti, Gergely"]
[Result "1-0"]
[WhiteElo "2245"]
[BlackElo "2105"]
[PlyCount "107"]
[EventDate "2005.10.16"]
[EventType "team"]
[EventRounds "11"]
[EventCountry "HUN"]
[SourceTitle "EXT 2009"]
[Source "ChessBase"]
[SourceDate "2008.11.26"]
[SourceVersion "1"]
[SourceVersionDate "2008.11.26"]
[SourceQuality "1"]
[WhiteTeam "BEAC"]
[BlackTeam "Paks II"]
[WhiteTeamCountry "HUN"]
[BlackTeamCountry "HUN"]

1. e4 c6 2. d4 d5 3. Nd2 dxe4 4. Nxe4 Bf5 5. Ng3 Bg6 6. h4 h6 7. Nf3 Nd7 8. h5 Bh7 9. Bd3 Bxd3 10. Qxd3 e6 11. Bf4 Bb4+ 12. c3 Be7 13. Ne4 Ndf6 14. Ne5 Nxe4 15. Qxe4 Nf6 16. Qe2 Qd5 17. f3 Nd7 18. Ng4 Bg5 19. Ne3 Qb5 20. Qxb5 cxb5 21. Bxg5 hxg5 22. Kf2 Nf6 23. a4 bxa4 24. Rxa4 Kd7 25. Rb4 Kc7 26. Rc4+ Kd7 27. g4 Rac8 28. Rb4 Rc7 29. Rb5 g6 30. Rxg5 gxh5 31. gxh5 Ke7 32. h6 a6 33. Rg7 Ne8 34. Rg2 Nf6 35. Ng4 Rh7 36. Ne5 Rc8 37. Rg7 Rxg7 38. hxg7 Ng8 39. Nd3 Kf6 40. Rg1 b6 41. Ne5 Ke7 42. Ke2 f6 43. Ng6+ Kf7 44. Kd3 Rd8 45. Nh8+ Ke7 46. Ra1 a5 47. f4 f5 48. Ng6+ Kf7 49. Rg1 Rd6 50. Ne5+ Ke7 51. c4 Kf6 52. Rg6+ Ke7 53. Kc3 Ke8 54. Kb3 1-0

[Event "HUN-chT2 Asztalos 0405"]
[Site "Hungary"]
[Date "2005.04.10"]
[Round "10"]
[White "Klimko, Csaba"]
[Black "Radnoti, Gergely"]
[Result "0-1"]
[WhiteElo "2110"]
[BlackElo "2083"]
[PlyCount "58"]
[EventDate "2004.09.26"]
[EventType "team"]
[EventRounds "11"]
[EventCountry "HUN"]
[SourceTitle "EXT 2009"]
[Source "ChessBase"]
[SourceDate "2008.11.26"]
[SourceVersion "1"]
[SourceVersionDate "2008.11.26"]
[SourceQuality "1"]
[WhiteTeam "Kiraly Sakk"]
[BlackTeam "Paks II"]
[WhiteTeamCountry "HUN"]
[BlackTeamCountry "HUN"]

1. e4 c6 2. d4 d5 3. e5 Bf5 4. Nf3 e6 5. Be2 c5 6. Be3 Nd7 7. 0-0 Rc8 8. c3 Ne7 9. Nh4 Qb6 10. Nxf5 Nxf5 11. Qd2 f6 12. exf6 Nxf6 13. dxc5 Bxc5 14. Bxc5 Qxc5 15. Bd3 0-0 16. Bxf5 exf5 17. Na3 Ne4 18. Qd3 f4 19. Nb5 f3 20. gxf3 Ng5 21. Nd4 Rf4 22. Rae1 Rcf8 23. Re5 Rxf3 24. Qd1 Nh3+ 25. Kg2 Rxf2+ 26. Rxf2 Nxf2 27. Qb3 Nd3 28. Rg5 Rf2+ 29. Kg3 Qc7+ 0-1

[Event "HUN-chT2 Asztalos 0405"]
[Site "Hungary"]
[Date "2004.11.21"]
[Round "3"]
[White "Izso, Laszlo"]
[Black "Radnoti, Gergely"]
[Result "0-1"]
[WhiteElo "2018"]
[BlackElo "2083"]
[PlyCount "102"]
[EventDate "2004.09.26"]
[EventType "team"]
[EventRounds "11"]
[EventCountry "HUN"]
[SourceTitle "EXT 2009"]
[Source "ChessBase"]
[SourceDate "2008.11.26"]
[SourceVersion "1"]
[SourceVersionDate "2008.11.26"]
[SourceQuality "1"]
[WhiteTeam "MAV Elore"]
[BlackTeam "Paks II"]
[WhiteTeamCountry "HUN"]
[BlackTeamCountry "HUN"]

1. d4 d5 2. Nc3 c6 3. Nf3 Bf5 4. Bg5 Nd7 5. Nh4 h6 6. Nxf5 hxg5 7. Qd2 e6 8. Ng3 f5 9. e3 Bd6 10. Be2 g6 11. 0-0-0 Qc7 12. Kb1 0-0-0 13. Bd3 Ngf6 14. Rdf1 Ng4 15. h3 Nxf2 16. Qxf2 Bxg3 17. Qf3 Bd6 18. Rd1 e5 19. dxe5 Nxe5 20. Qf1 Nxd3 21. Rxd3 Rh4 22. Qe2 Rdh8 23. Rhd1 Be5 24. a3 g4 25. hxg4 Rxg4 26. Nxd5 cxd5 27. Rxd5 Bf6 28. Qb5 a6 29. Qb3 Rxg2 30. Rd7 Qxd7 31. Rxd7 Rg1+ 32. Ka2 Kxd7 33. Qf7+ Be7 34. Qd5+ Ke8 35. Qxb7 Rf8 36. Qxa6 Kf7 37. Qc4+ Kg7 38. e4 Bf6 39. exf5 gxf5 40. Qe6 Rg5 41. a4 f4 42. Qd6 f3 43. Qf4 Be7 44. Qd4+ Rf6 45. Qe3 Rf7 46. Qd4+ Kg6 47. Qe4+ Kh5 48. Qc4 Rgf5 49. Qf1 f2 50. Qe2+ Kg6 51. Qg4+ Bg5 0-1

[Event "HUN-chT2 Asztalos 0405"]
[Site "Hungary"]
[Date "2004.09.26"]
[Round "1"]
[White "Szabo, Peter"]
[Black "Radnoti, Gergely"]
[Result "1/2-1/2"]
[WhiteElo "2073"]
[BlackElo "2083"]
[PlyCount "27"]
[EventDate "2004.09.26"]
[EventType "team"]
[EventRounds "11"]
[EventCountry "HUN"]
[SourceTitle "EXT 2009"]
[Source "ChessBase"]
[SourceDate "2008.11.26"]
[SourceVersion "1"]
[SourceVersionDate "2008.11.26"]
[SourceQuality "1"]
[WhiteTeam "Szekszard"]
[BlackTeam "Paks II"]
[WhiteTeamCountry "HUN"]
[BlackTeamCountry "HUN"]

1. d4 d5 2. Nf3 Nf6 3. c4 c6 4. cxd5 cxd5 5. Nc3 Nc6 6. Bf4 Qb6 7. e3 Bg4 8. Rb1 e6 9. h3 Bf5 10. Bd3 Bxd3 11. Qxd3 Be7 12. 0-0 0-0 13. Rfc1 Rac8 14. a3 1/2-1/2

[Event "HUN-chT2 Charousek 0304"]
[Site "Hungary"]
[Date "2004.04.04"]
[Round "10"]
[White "Radnoti, Gergely"]
[Black "Kahn, Evarth"]
[Result "1-0"]
[WhiteElo "2113"]
[BlackElo "2292"]
[PlyCount "128"]
[EventDate "2003.09.28"]
[EventType "team"]
[EventRounds "11"]
[EventCountry "HUN"]
[SourceTitle "EXT 2005"]
[Source "ChessBase"]
[SourceDate "2004.11.15"]
[SourceVersion "1"]
[SourceVersionDate "2004.11.15"]
[SourceQuality "1"]

1. d4 Nf6 2. c4 e5 3. dxe5 Ng4 4. Bf4 Bb4+ 5. Nc3 Bxc3+ 6. bxc3 Qe7 7. Nf3 Nc6 8. Qd5 f6 9. exf6 Nxf6 10. Qd3 d6 11. e3 Ne4 12. Nd4 0-0 13. Be2 Nc5 14. Qd2 Ne5 15. 0-0 Kh8 16. Rab1 Qf7 17. Nb3 Nxc4 18. Bxc4 Qxc4 19. Qd4 Qxd4 20. cxd4 Ne6 21. Bg3 b6 22. d5 Nc5 23. Nxc5 bxc5 24. e4 Ba6 25. Rfe1 Rab8 26. e5 Rxb1 27. Rxb1 dxe5 28. Bxe5 Rc8 29. Rc1 c4 30. f4 Rd8 31. Bxc7 Rxd5 32. Rc2 Kg8 33. Be5 Kf7 34. Kf2 Rd3 35. Ke2 g6 36. Rd2 Ra3 37. Rc2 Ke6 38. Kd2 Kd5 39. Kc1 Re3 40. Kb2 Bb5 41. Rc3 Re4 42. Rc2 Re1 43. Rc1 Re4 44. Rc2 a6 45. Rd2+ Ke6 46. Kc3 g5 47. g3 Kf5 48. Bc7 Re3+ 49. Kb4 Rd3 50. Rxd3 cxd3 51. Kc3 g4 52. a4 Bc4 53. Ba5 d2 54. Kxd2 Ke4 55. Bc7 h5 56. Kc3 Be6 57. a5 Bf5 58. Kc4 Kf3 59. Kd5 Kg2 60. Ke5 Bb1 61. f5 Kxh2 62. Ke6 Kh3 63. f6 h4 64. gxh4 Kxh4 1-0

[Event "HUN-chT2 Charousek 0304"]
[Site "Hungary"]
[Date "2004.03.21"]
[Round "9"]
[White "Kosztolanczi, Gyula"]
[Black "Radnoti, Gergely"]
[Result "1-0"]
[WhiteElo "2199"]
[BlackElo "2113"]
[PlyCount "83"]
[EventDate "2003.09.28"]
[EventType "team"]
[EventRounds "11"]
[EventCountry "HUN"]
[SourceTitle "EXT 2005"]
[Source "ChessBase"]
[SourceDate "2004.11.15"]
[SourceVersion "1"]
[SourceVersionDate "2004.11.15"]
[SourceQuality "1"]

1. e4 c6 2. d4 d5 3. Nc3 dxe4 4. Nxe4 Bf5 5. Ng3 Bg6 6. h4 h6 7. Nf3 Nd7 8. h5 Bh7 9. Bd3 Bxd3 10. Qxd3 e6 11. Bf4 Qa5+ 12. Bd2 Qc7 13. 0-0-0 Ngf6 14. Ne4 Nxe4 15. Qxe4 Nf6 16. Qe2 0-0-0 17. g3 Bd6 18. c4 c5 19. Bc3 Rhe8 20. Kb1 Qc6 21. Rh4 Re7 22. Rc1 Red7 23. Ka1 Bc7 24. a3 Kb8 25. Ne5 Bxe5 26. Qxe5+ Ka8 27. Qxc5 Qf3 28. Qa5 Ne4 29. Rf4 Qd3 30. c5 Nxc3 31. Qxc3 Qxc3 32. Rxc3 f6 33. Re4 Rxd4 34. Rxe6 Rd2 35. Re7 Rxf2 36. Rd3 Rb8 37. Rxg7 Rf5 38. b4 Rxh5 39. Rdd7 Rh2 40. c6 Re8 41. Rge7 Rg8 42. c7 1-0

[Event "HUN-chT2 Charousek 0304"]
[Site "Hungary"]
[Date "2004.02.08"]
[Round "7"]
[White "Horvath, Gabor2222"]
[Black "Radnoti, Gergely"]
[Result "1-0"]
[WhiteElo "2152"]
[BlackElo "2113"]
[PlyCount "109"]
[EventDate "2003.09.28"]
[EventType "team"]
[EventRounds "11"]
[EventCountry "HUN"]
[SourceTitle "EXT 2005"]
[Source "ChessBase"]
[SourceDate "2004.11.15"]
[SourceVersion "1"]
[SourceVersionDate "2004.11.15"]
[SourceQuality "1"]

1. c4 c6 2. d4 d5 3. Nf3 Nf6 4. g3 e6 5. Bg2 Nbd7 6. 0-0 Bd6 7. Qc2 0-0 8. Nbd2 e5 9. dxe5 Nxe5 10. Nxe5 Bxe5 11. cxd5 cxd5 12. Nf3 Bd6 13. Bg5 h6 14. Bxf6 Qxf6 15. Rac1 Bf5 16. Qc3 Qxc3 17. Rxc3 Rac8 18. Rd1 Bb4 19. Rxc8 Rxc8 20. Nd4 Be4 21. a3 Be7 22. e3 Bf6 23. f3 Bg6 24. Rd2 Kf8 25. Kf2 a6 26. Ke2 Rc4 27. Kd1 Ke7 28. Bf1 Rc7 29. Bd3 Bxd3 30. Rxd3 Bxd4 31. Rxd4 Ke6 32. Kd2 h5 33. Rh4 g6 34. Rb4 Ke5 35. Rb6 d4 36. e4 f6 37. Kd3 g5 38. h4 Rc1 39. hxg5 fxg5 40. Rg6 Rd1+ 41. Kc2 Rg1 42. Rxg5+ Ke6 43. f4 Rg2+ 44. Kd3 Rxb2 45. Kxd4 Rb3 46. e5 Rxa3 47. f5+ Kf7 48. Rxh5 b5 49. Rh7+ Kg8 50. Rb7 Rxg3 51. e6 Rg4+ 52. Ke5 b4 53. Kf6 a5 54. e7 Re4 55. Rb5 1-0

[Event "HUN-chT2 Charousek 0304"]
[Site "Hungary"]
[Date "2003.12.21"]
[Round "1"]
[White "Radnoti, Gergely"]
[Black "Plecsko, Zoltan"]
[Result "1/2-1/2"]
[WhiteElo "2113"]
[BlackElo "2127"]
[PlyCount "53"]
[EventDate "2003.09.28"]
[EventType "team"]
[EventRounds "11"]
[EventCountry "HUN"]
[SourceTitle "EXT 2005"]
[Source "ChessBase"]
[SourceDate "2004.11.15"]
[SourceVersion "1"]
[SourceVersionDate "2004.11.15"]
[SourceQuality "1"]

1. d4 d5 2. c4 dxc4 3. Nf3 Nf6 4. e3 Bg4 5. Bxc4 e6 6. Nbd2 Nbd7 7. b3 Be7 8. 0-0 0-0 9. Bb2 c5 10. Qc2 Rc8 11. dxc5 Nxc5 12. Nd4 Bh5 13. Rac1 Bg6 14. Qc3 Nd3 15. Nxe6 Rxc4 16. Qxc4 fxe6 17. Bxf6 Rxf6 18. Rc3 Nc5 19. Qd4 Qf8 20. Rfc1 Rxf2 21. Nf3 Rxa2 22. Rxc5 Bxc5 23. Rxc5 Ra1+ 24. Kf2 Ra2+ 25. Kg1 Ra1+ 26. Kf2 Ra2+ 27. Kg1 1/2-1/2

[Event "HUN-chT2 Charousek 0203"]
[Site "Hungary"]
[Date "2003.02.02"]
[Round "6.11"]
[White "Radnoti, Gergely"]
[Black "Gerencer, Jozef"]
[Result "1/2-1/2"]
[WhiteElo "2068"]
[BlackElo "2101"]
[PlyCount "58"]
[EventDate "2002.09.22"]
[EventType "team"]
[EventRounds "11"]
[EventCountry "HUN"]
[SourceTitle "EXT 2004"]
[Source "ChessBase"]
[SourceDate "2003.11.25"]
[SourceVersion "1"]
[SourceVersionDate "2003.11.25"]
[SourceQuality "1"]
[WhiteTeam "Paks ASE II"]
[BlackTeam "Csuti Hydro II"]
[WhiteTeamCountry "HUN"]
[BlackTeamCountry "HUN"]

1. d4 Nf6 2. c4 e6 3. Nf3 d5 4. e3 Nbd7 5. Nc3 c6 6. cxd5 exd5 7. Bd3 Bd6 8. 0-0 0-0 9. Re1 Re8 10. e4 dxe4 11. Nxe4 Nxe4 12. Bxe4 Nf6 13. Bg5 Bg4 14. Qd3 h6 15. Bh4 Be7 16. Ne5 Nxe4 17. Bxe7 Rxe7 18. Nxg4 Ng5 19. Ne3 Qd7 20. Red1 Rd8 21. d5 Qe8 22. Qb3 cxd5 23. Rxd5 Rxd5 24. Qxd5 Rd7 25. Qa5 b6 26. Qa4 Ne4 27. Rd1 Nc5 28. Qc2 Qd8 29. Rxd7 Qxd7 1/2-1/2

[Event "HUN-chT2 Charousek 0203"]
[Site "Hungary"]
[Date "2002.09.22"]
[Round "1.9"]
[White "Poor, Sandor"]
[Black "Radnoti, Gergely"]
[Result "1/2-1/2"]
[WhiteElo "2222"]
[BlackElo "2068"]
[PlyCount "84"]
[EventDate "2002.09.22"]
[EventType "team"]
[EventRounds "11"]
[EventCountry "HUN"]
[SourceTitle "EXT 2004"]
[Source "ChessBase"]
[SourceDate "2003.11.25"]
[SourceVersion "1"]
[SourceVersionDate "2003.11.25"]
[SourceQuality "1"]
[WhiteTeam "Penzugyor"]
[BlackTeam "Paks ASE II"]
[WhiteTeamCountry "HUN"]
[BlackTeamCountry "HUN"]

1. e4 c6 2. d4 d5 3. Nc3 dxe4 4. Nxe4 Bf5 5. Ng3 Bg6 6. h4 h6 7. h5 Bh7 8. Nf3 Nd7 9. Bc4 e6 10. Qe2 Bd6 11. Ne4 Bxe4 12. Qxe4 Ngf6 13. Qe2 Qc7 14. Bd2 0-0-0 15. 0-0-0 Bf4 16. Rh4 Bxd2+ 17. Rxd2 Kb8 18. c3 Qa5 19. Ne5 Nxe5 20. Qxe5+ Qxe5 21. dxe5 Rxd2 22. Kxd2 Nd7 23. f4 Rg8 24. Rg4 Kc7 25. Bd3 f5 26. Rg6 Nf8 27. Rg3 g5 28. hxg6 Rxg6 29. Rxg6 Nxg6 30. g3 h5 31. Ke3 h4 32. Kf2 hxg3+ 33. Kxg3 Kd7 34. Be2 Ke7 35. Bh5 Kf7 36. a4 Kg7 37. Bf3 Ne7 38. a5 b6 39. axb6 axb6 40. c4 c5 41. Bb7 Ng6 42. Bc8 Kf7 1/2-1/2

[Event "HUN-chT2 0102"]
[Site "Hungary"]
[Date "2002.03.03"]
[Round "8"]
[White "Budai, David"]
[Black "Radnoti, Gergely"]
[Result "1-0"]
[WhiteElo "2163"]
[BlackElo "2075"]
[PlyCount "59"]
[EventDate "2001.??.??"]
[EventType "team"]
[EventRounds "11"]
[EventCountry "HUN"]
[SourceTitle "EXT 2004"]
[Source "ChessBase"]
[SourceDate "2003.11.25"]
[SourceVersion "1"]
[SourceVersionDate "2003.11.25"]
[SourceQuality "1"]

1. e4 c6 2. d4 d5 3. Nc3 dxe4 4. Nxe4 Bf5 5. Ng3 Bg6 6. h4 h6 7. Nf3 Nd7 8. h5 Bh7 9. Bd3 Bxd3 10. Qxd3 e6 11. Bf4 Qa5+ 12. Bd2 Qc7 13. 0-0-0 Ngf6 14. Ne4 Nxe4 15. Qxe4 Nf6 16. Qe2 0-0-0 17. Kb1 Rd5 18. c4 Rxh5 19. Rxh5 Nxh5 20. d5 Nf4 21. Qe4 g5 22. g3 Ng6 23. dxe6 Bc5 24. Qf5 Qe7 25. exf7+ Kc7 26. Re1 Qd7 27. Qxg6 Rd8 28. Ba5+ b6 29. Bc3 Bxf2 30. Ne5 1-0

[Event "HUN-chT2 0102"]
[Site "Hungary"]
[Date "2001.12.02"]
[Round "4"]
[White "Radnoti, Gergely"]
[Black "Furesz, Jozsef"]
[Result "0-1"]
[WhiteElo "2075"]
[BlackElo "2093"]
[PlyCount "100"]
[EventDate "2001.??.??"]
[EventType "team"]
[EventRounds "11"]
[EventCountry "HUN"]
[SourceTitle "EXT 2004"]
[Source "ChessBase"]
[SourceDate "2003.11.25"]
[SourceVersion "1"]
[SourceVersionDate "2003.11.25"]
[SourceQuality "1"]

1. d4 d5 2. c4 e6 3. Nc3 Nf6 4. Nf3 Nbd7 5. e3 c6 6. Qc2 Bd6 7. g4 dxc4 8. Bxc4 Nd5 9. a3 b5 10. Ne4 Be7 11. Bd3 Bb7 12. Bd2 a5 13. Nc5 Bxc5 14. dxc5 Qf6 15. Be4 Qe7 16. Bxd5 exd5 17. Rc1 Nf6 18. Nd4 g6 19. h3 Ne4 20. b4 axb4 21. axb4 0-0 22. Bc3 Ra3 23. Bb2 Ra2 24. 0-0 Rfa8 25. Ra1 Qh4 26. Kg2 Ng5 27. Rh1 Rxa1 28. Nf5 gxf5 29. Qc3 Kf8 30. Qg7+ Ke8 31. Qe5+ Ne6 32. Bxa1 fxg4 33. hxg4 Qxg4+ 34. Kf1 Qe4 35. Qxe4 dxe4 36. Bc3 Ra3 37. Bf6 Nf8 38. Rh4 Bc8 39. Rxe4+ Be6 40. f4 Nd7 41. Bg5 Kf8 42. Bh6+ Kg8 43. f5 Bc4+ 44. Kf2 Nf6 45. Rd4 Rd3 46. Rh4 Bd5 47. Ke2 Rb3 48. e4 Bxe4 49. Bg5 Bd3+ 50. Kd2 Ne4+ 0-1

[Event "HUN-chT2 0102"]
[Site "Hungary"]
[Date "2001.11.18"]
[Round "3"]
[White "Bors, Sandor"]
[Black "Radnoti, Gergely"]
[Result "1-0"]
[WhiteElo "2217"]
[BlackElo "2075"]
[PlyCount "78"]
[EventDate "2001.??.??"]
[EventType "team"]
[EventRounds "11"]
[EventCountry "HUN"]
[SourceTitle "EXT 2004"]
[Source "ChessBase"]
[SourceDate "2003.11.25"]
[SourceVersion "1"]
[SourceVersionDate "2003.11.25"]
[SourceQuality "1"]

1. e4 c6 2. d4 d5 3. Nc3 dxe4 4. Nxe4 Bf5 5. Ng3 Bg6 6. Nf3 Nd7 7. Bd3 Bxd3 8. Qxd3 e6 9. Be3 Qa5+ 10. c3 Ngf6 11. 0-0 Be7 12. a4 0-0 13. b4 Qc7 14. Bg5 h6 15. Bd2 Bd6 16. Ne4 Bf4 17. Rfe1 Bxd2 18. Nfxd2 Nd5 19. Qf3 a5 20. b5 c5 21. dxc5 Nxc5 22. Nxc5 Qxc5 23. c4 Nb4 24. Rec1 Rfd8 25. Ne4 Qe5 26. Ng3 Nd3 27. Rf1 Nc5 28. Rfe1 Qd4 29. Qe2 Nd3 30. Red1 Qxc4 31. h3 Qb3 32. Qe3 Qc2 33. Rd2 Qb3 34. Rad1 Qxa4 35. Rxd3 Qxd1+ 36. Rxd1 Rxd1+ 37. Kh2 a4 38. Qa3 Rb1 39. Ne2 Rxb5 1-0

[Event "HUN-chT3 9899"]
[Site "Hungary"]
[Date "1999.04.11"]
[Round "10"]
[White "Radnoti, Gergely"]
[Black "Horvath, Tamas"]
[Result "0-1"]
[WhiteElo "2075"]
[BlackElo "2227"]
[PlyCount "100"]
[EventDate "1998.09.??"]
[EventType "team"]
[EventRounds "11"]
[EventCountry "HUN"]
[SourceTitle "EXT 2001"]
[Source "ChessBase"]
[SourceDate "2000.11.22"]
[SourceVersion "1"]
[SourceVersionDate "2000.11.22"]
[SourceQuality "1"]

1. d4 Nf6 2. c4 c5 3. e3 cxd4 4. exd4 d5 5. Nc3 Nc6 6. Bf4 Be6 7. c5 g6 8. Nf3 Bg7 9. Bb5 0-0 10. Ne5 Nh5 11. Bxc6 Nxf4 12. Bxb7 Rb8 13. Nc6 Qc7 14. Nxb8 Qxb7 15. Nc6 Nxg2+ 16. Kf1 Nf4 17. Qf3 Qa6+ 18. Kg1 Nh3+ 19. Kg2 Qxc6 20. Rhe1 Ng5 21. Qf4 Bh3+ 22. Kh1 Ne6 23. Qf3 Nxd4 24. Qxh3 Nc2 25. Qg2 Nxe1 26. Rxe1 Bxc3 27. bxc3 Qxc5 28. Qg5 e6 29. Re3 Qc4 30. Kg2 Rb8 31. Qh6 Qg4+ 32. Rg3 Qe4+ 33. Rf3 Qg4+ 34. Rg3 Qe4+ 35. Rf3 a5 36. h4 Rb1 37. h5 Rh1 38. Kxh1 Qxf3+ 39. Kg1 Qd1+ 40. Kg2 Qg4+ 41. Kf1 Qxh5 42. Qd2 Qh1+ 43. Ke2 Qe4+ 44. Kf1 h5 45. Kg1 h4 46. Kh2 Qf3 47. c4 h3 48. Qg5 Qxf2+ 49. Kxh3 Qf3+ 50. Kh2 Qh5+ 0-1

[Event "HUN-chT 9899"]
[Site "Hungary"]
[Date "1999.??.??"]
[Round "?"]
[White "Radnoti, Gergely"]
[Black "Horanyi, Peter"]
[Result "1-0"]
[WhiteElo "2075"]
[BlackElo "2005"]
[PlyCount "53"]
[EventDate "1998.??.??"]
[EventType "team"]
[EventRounds "12"]
[EventCountry "HUN"]
[SourceTitle "EXT 2000"]
[Source "ChessBase"]
[SourceDate "1999.11.16"]
[SourceVersion "1"]
[SourceVersionDate "1999.11.16"]
[SourceQuality "1"]

1. d4 d5 2. c4 e6 3. Nc3 f5 4. e3 Nf6 5. Bd3 c6 6. Nge2 Bd6 7. f3 Nh5 8. g3 0-0 9. 0-0 g5 10. e4 c5 11. cxd5 cxd4 12. Nb5 f4 13. g4 Nf6 14. Nbxd4 Bc5 15. Kh1 Bxd4 16. Nxd4 exd5 17. exd5 Qxd5 18. b3 Kg7 19. Bb2 Nc6 20. Be4 Qa5 21. Nxc6 bxc6 22. Bxc6 Rb8 23. Re1 Rb6 24. Re7+ Rf7 25. Qd6 Rxc6 26. Qxc6 Qb6 27. Bxf6+ 1-0

[Event "HUN-chT2 9495"]
[Site "Hungary"]
[Date "1995.??.??"]
[Round "?"]
[White "Radnoti, Gergely"]
[Black "Vargyas, Zoltan"]
[Result "1-0"]
[WhiteElo "2095"]
[BlackElo "2255"]
[PlyCount "135"]
[EventDate "1994.??.??"]
[EventType "team"]
[EventRounds "13"]
[EventCountry "HUN"]
[SourceTitle "EXT 1999"]
[Source "ChessBase"]
[SourceDate "1998.11.16"]
[SourceVersion "1"]
[SourceVersionDate "1998.11.16"]
[SourceQuality "1"]

1. d4 Nf6 2. c4 e6 3. Nc3 Bb4 4. Nf3 c5 5. e3 Nc6 6. Bd3 0-0 7. 0-0 Re8 8. Ne5 cxd4 9. Nxc6 bxc6 10. exd4 d5 11. Bg5 Be7 12. Re1 Rb8 13. Rb1 Qa5 14. Bd2 Qc7 15. cxd5 exd5 16. Na4 Ne4 17. Bxe4 dxe4 18. Rxe4 Bf5 19. Bf4 Qa5 20. Qe1 Qxa4 21. Bxb8 Bxe4 22. Qxe4 c5 23. b3 Qd7 24. Be5 f6 25. Bf4 Bd8 26. Qd3 Qxd4 27. Qc4+ Kh8 28. Be3 Qxc4 29. bxc4 Bb6 30. Kf1 Re4 31. Bxc5 Rxc4 32. Bxb6 axb6 33. Rxb6 Kg8 34. Ra6 Rc2 35. Ra7 h6 36. a4 Ra2 37. a5 Kh7 38. a6 Kg6 39. g3 h5 40. Kg2 Ra3 41. Ra8 Kh7 42. Kh3 Rf3 43. a7 Ra3 44. Kh4 Ra4+ 45. f4 Kg6 46. g4 hxg4 47. Kxg4 f5+ 48. Kf3 Ra3+ 49. Ke2 Kf7 50. h4 Kg6 51. h5+ Kh7 52. Kd2 Ra6 53. Kd3 Ra4 54. Kc3 Ra6 55. Kb4 Ra1 56. Kb5 Ra2 57. Kb6 Rb2+ 58. Kc7 Ra2 59. Kd6 Ra1 60. Ke5 Ra5+ 61. Ke6 Ra6+ 62. Kxf5 Ra5+ 63. Ke6 Ra6+ 64. Ke7 Ra5 65. f5 Re5+ 66. Kd7 Rxf5 67. Rh8+ Kxh8 68. a8Q+ 1-0